<?xml version="1.0" encoding="UTF-8"?>
<marc:record xmlns:marc="http://www.loc.gov/MARC21/slim">
   <marc:leader>00000nam a2200000 a 4500</marc:leader>
   <marc:datafield ind1="1" ind2=" " tag="100">
      <marc:subfield code="a">Cronenberg, David [Regie]</marc:subfield>
      <marc:subfield code="4">aut</marc:subfield>
      <marc:subfield code="e">Verfasser/-in</marc:subfield>
   </marc:datafield>
   <marc:datafield ind1="1" ind2=" " tag="100">
      <marc:subfield code="a">Moore, Julianne</marc:subfield>
   </marc:datafield>
   <marc:datafield ind1=" " ind2=" " tag="653">
      <marc:subfield code="a">Geheimnis</marc:subfield>
   </marc:datafield>
   <marc:datafield ind1=" " ind2=" " tag="653">
      <marc:subfield code="a">Hollywood</marc:subfield>
   </marc:datafield>
   <marc:datafield ind1=" " ind2=" " tag="653">
      <marc:subfield code="a">Satire</marc:subfield>
   </marc:datafield>
   <marc:datafield ind1="0" ind2="0" tag="245">
      <marc:subfield code="a">Maps to the stars [Bildtonträger]</marc:subfield>
   </marc:datafield>
   <marc:datafield ind1="0" ind2="0" tag="245">
      <marc:subfield code="c">Ein Film von David Cronenberg. Darst.: Julianne Moore, Mia Wasikowska, John Cusack, Robert Pattinson ...</marc:subfield>
   </marc:datafield>
   <marc:datafield ind1=" " ind2="1" tag="264">
      <marc:subfield code="a">[Stuttgart]</marc:subfield>
      <marc:subfield code="b">Ascot Elite</marc:subfield>
      <marc:subfield code="c">2015</marc:subfield>
   </marc:datafield>
   <marc:datafield ind1="1" ind2=" " tag="520">
      <marc:subfield code="a">Starregisseur David Cronenberg findet mit Maps to the Stars zu alter Form zurück und legt ein ähnlich faszinierendes Filmwerk wie Tödliche Versprechen vor, wenn auch sein aktuelles Meisterwerk mit mehr bitterbösem und schwarzem Humor aufwartet. Julianne Moore, Mia Wasikowska, John Cusack und Robert Pattinson sind die Stars dieser bissigen Satire und spielen sich beeindruckend die Bälle zu. Vor dem Hintergrund dunkler Familiengeheimnisse tun sich menschliche Abgründe in der Glitzerwelt Hollywoods auf. Das ist manchmal hart, immer spannend, aber vor allem komisch.</marc:subfield>
   </marc:datafield>
   <marc:datafield ind1=" " ind2=" " tag="020">
      <marc:subfield code="a">9788317370689</marc:subfield>
      <marc:subfield code="9">9788317370689</marc:subfield>
   </marc:datafield>
   <marc:datafield ind1=" " ind2=" " tag="020">
      <marc:subfield code="a">? 13,10</marc:subfield>
      <marc:subfield code="9">? 13,10</marc:subfield>
   </marc:datafield>
   <marc:datafield ind1=" " ind2=" " tag="041">
      <marc:subfield code="a">ger</marc:subfield>
   </marc:datafield>
   <marc:datafield ind1=" " ind2=" " tag="300">
      <marc:subfield code="e">1 DVD</marc:subfield>
   </marc:datafield>
   <marc:datafield ind1="0" ind2=" " tag="490">
      <marc:subfield code="v">0</marc:subfield>
   </marc:datafield>
   <marc:datafield ind1=" " ind2=" " tag="300">
      <marc:subfield code="a">107' : 1 DVD</marc:subfield>
   </marc:datafield>
</marc:record>
